000 00613nam a22001937a 4500
999 _c182509
_d182509
005 20211118111045.0
010 _aUR-11326
020 _c250.00
_a9789388736589
035 _aU-9881
037 _bDBAD/PUB
082 _a841
100 _aا ر ما ن نجمی
245 _aا فتا د گی کے بعد
_cا ر ما ن نجمی
246 _aUftadgi Ke Baad (Urdu)
_bby Arman Najmi
260 _aN.Delhi
_c2019 ء
_bEducational Publishing House
270 _aD1/16,Ansari Road,Darya Ganj,
_bNew Delhi
_e110002
_l -
300 _a224 ص
_c22 Cm(Hb)
942 _2ddc
_cUR
_h841
_mا ر م